Welcome to CU Library Online Public Access Catalogue (OPAC)

Engineering fundamentals and problem solving / (Record no. 8040)

MARC details
000 -LEADER
fixed length control field 00849cam a2200229 a 4500
001 - CONTROL NUMBER
control field 14640593
005 - DATE AND TIME OF LATEST TRANSACTION
control field 20251104175454.0
008 - FIXED-LENGTH DATA ELEMENTS--GENERAL INFORMATION
fixed length control field 061120s2008 maua b 001 0 eng
020 ## - INTERNATIONAL STANDARD BOOK NUMBER
International Standard Book Number 9780073191584
Qualifying information hard copy : alk. paper
020 ## - INTERNATIONAL STANDARD BOOK NUMBER
International Standard Book Number 0073191582
Qualifying information hard copy : alk. paper
050 00 - LIBRARY OF CONGRESS CALL NUMBER
Classification number TA147
Item number .E52 2008
082 00 - DEWEY DECIMAL CLASSIFICATION NUMBER
Classification number 620
Edition information 22
245 00 - TITLE STATEMENT
Title Engineering fundamentals and problem solving /
Statement of responsibility, etc. Arvid R. Eide ... [et al.].
250 ## - EDITION STATEMENT
Edition statement 5th ed.
260 ## - PUBLICATION, DISTRIBUTION, ETC.
Place of publication, distribution, etc. Boston :
Name of publisher, distributor, etc. McGraw-Hill Higher Education,
Date of publication, distribution, etc. c2008.
300 ## - PHYSICAL DESCRIPTION
Extent xii, 467 p. :
Other physical details ill. (some col.) ;
Dimensions 25 cm.
650 #0 - SUBJECT ADDED ENTRY--TOPICAL TERM
Topical term or geographic name entry element Engineering.
700 1# - ADDED ENTRY--PERSONAL NAME
Personal name Eide, Arvid R.
856 41 - ELECTRONIC LOCATION AND ACCESS
Materials specified Table of contents only
Uniform Resource Identifier <a href="http://www.loc.gov/catdir/toc/ecip075/2006038931.html">http://www.loc.gov/catdir/toc/ecip075/2006038931.html</a>
856 42 - ELECTRONIC LOCATION AND ACCESS
Materials specified Publisher description
Uniform Resource Identifier <a href="http://www.loc.gov/catdir/enhancements/fy0703/2006038931-d.html">http://www.loc.gov/catdir/enhancements/fy0703/2006038931-d.html</a>
942 ## - ADDED ENTRY ELEMENTS (KOHA)
Source of classification or shelving scheme Library of Congress Classification
Koha item type Books
Edition 5th ed.
Suppress in OPAC No
999 ## -
-- 8040
-- 8040
Holdings
Withdrawn status Lost status Source of classification or shelving scheme Damaged status Not for loan Collection Home library Current library Shelving location Date acquired Total checkouts Full call number Barcode Date last seen Copy number Price effective from Koha item type
    Library of Congress Classification     Non-fiction Science Library (Miotso) Science Library (Miotso) General stacks 11/04/2025   TA147 .E52 ENG SLM00005300 11/04/2025 1 11/04/2025 Books
    Library of Congress Classification     Non-fiction Science Library (Miotso) Science Library (Miotso) General stacks 11/04/2025   TA147 .E52 ENG SLM00005301 11/04/2025 2 11/04/2025 Books
    Library of Congress Classification     Non-fiction Science Library (Miotso) Science Library (Miotso) General stacks 11/04/2025   TA147 .E52 ENG SLM00005302 11/04/2025 3 11/04/2025 Books
    Library of Congress Classification     Non-fiction Science Library (Miotso) Science Library (Miotso) General stacks 11/04/2025   TA147 .E52 ENG SLM00005303 11/04/2025 4 11/04/2025 Books
© 2023-2024 Copyright: Central University Libraries. All Rights Reserved | Created by: Mahone Tech Office